Структурно-семантичні особливості термінів оподаткування в американському і британському варіантах сучасної англійської мови (Запис № 572649)

МАРК-запис
000 -Лідер
fixed length control field 04030nam a22002417a 4500
003 - Ідентифікатор контрольного номера
control field UA-OsUOA
005 - Дата та час останнього входження (трансакції)
control field 20220616121402.0
008 - Елементи даних фіксованої довжини – загальна інформація
fixed length control field 220616b un ||||| m||| 00| 0 ukr d
040 ## - Джерело каталогізації
Агенція оригінальної каталогізації UA-OsUOA
Мова каталогізації ukr
Агенція, яка здійснювала перезапис UA-OsUOA
Агенція, яка здійснювала модифікацію UA-OsUOA
041 ## - Код мови
Код мови тексту/ звукової доріжки чи окремого заголовка (П) ukr
080 ## - Індекс Універсальної десяткової класифікації
Індекс Універсальної десяткової класифікації (УДК) (НП) 811.111'37
090 ## - Локальний шифр розміщення
Класифікаційний індекс УДК 811.111'37
095 ## - Код спеціальності для авторефератів
Код спеціальності 10.02.04
Назва спеціальності германські мови
100 ## - Основне введення – ім’я особи
Ім’я особи (НП) Константінова О. В.
245 ## - Відомості про назву
Назва (НП) Структурно-семантичні особливості термінів оподаткування в американському і британському варіантах сучасної англійської мови
Дані про відповідальність (НП) Константінова Олена Вікторівна ; наук. керівник Бєлова Алла Дмитрівна
260 ## - Публікація, розповсюдження і т.п. (Вихідні дані)
Місце публікації, розповсюдження і т.п. (П) Київ
Дата публікації, розповсюдження і т.п. (П) 2004
300 ## - Фізичний опис
Обсяг 20 с.
502 ## - Примітка про дисертацію
Зв'язок Автореферат дисертації на здобуття наукового ступеня кандидата філологічних наук<br/>
Наймення інституції, що представляється Київський національний університет імені Тараса Шевченка
Рік отримання вченого ступеня 2004
520 ## - Резюме і т.п.
Резюме, реферат, анотація, тощо (НП) Дисертація присвячена дослідженню структурних та семантичних особливостей термінологічних одиниць, що функціонують у термінології оподаткування американського і британського варіантів сучасної англійської мови. Дослідження грунтується на засадах теорії термінологічної номінації, зокрема, на положенні про обумовленість термінологічної номінації лінгвоментальною природою загальномовного процеса номінації, про приорітет семантики терміна над його зовнішньою мовною формою, про більшу детермінованість термінологічної номінації суб’єктивним фактором, порівняно із загальномовною. Застосування методів структурної, когнітивної та даних корпусної лінгвістики дозволило здійснити комплексний аналіз англомовної термінології оподаткування у двох варіантах сучасної англійської мови - американському і британському.<br/>В дисертаційному дослідженні окреслено концептуальний апарат спеціальної сфери оподаткування і встановлено поняттєві взаємозв’язки між термінологічними одиницями галузі, на основі чого вперше здійснено інвентаризацію англомовних податкових термінів з авторськими варіантами перекладу. В роботі виділено основні термінотипи одиниць оподаткування - монолексемні та полілексемні терміни - і проаналізовано їхні структурно-граматичні особливості. Виявлено причини синонімії, полісемії та антонімії цих термінологічних одиниць і встановлено, що омонімія термінам оподаткування не притаманна. У дослідженні доведена взаємообумовленість семантичних і структурних чинників термінів оподаткування.
650 ## - Додаткове предметне введення – тематичний термін
Джерело заголовка чи терміна UDC
Тематичний термін чи географічна назва, як елемент введення (НП) 811 Мови
942 ## - Додаткові елементи входу (Коха)
Source of classification or shelving scheme Universal Decimal Classification
Тип елемента Koha Автореферат
955 ## - Код типу видання за змістом
Код типу видання за змістом (НП) Наукові видання

Немає доступних примірників.